| 000 | 00533nam a2200169Ia 4500 | ||
|---|---|---|---|
| 008 | 110201s9999 xx 000 0 und d | ||
| 082 |
_bB7030 _aP 127 |
||
| 100 | _aसौ. महाजन शकुंतला | ||
| 245 | _aमनमोगरा | ||
| 260 | _bजाणीव प्रकाशन | ||
| 365 | _b25 | ||
| 600 | _aसौ. महाजन शकुंतला | ||
| 630 | _aमनमोगरा | ||
| 700 | _aसौ. महाजन शकुंतला | ||
| 730 | _aमनमोगरा | ||
| 942 | _cBOOK | ||
| 999 |
_c832597 _d832594 |
||